TV Dads Quiz Stats

 Plays Quiz Updated Dec 4, 2014

Score 0/25 Timer 05:00
3 Plays Today
TV Show % Correct
The Simpsons
97.4%
Family Guy
94.6%
Fresh Prince of Bel-Air
90.9%
The Cosby Show
90.8%
Everybody Loves Raymond
88.5%
Breaking Bad
86.8%
Full House
85.3%
That '70s Show
83.7%
Home Improvement
83%
Game of Thrones
80.7%
Roseanne
80.7%
Modern Family
80.5%
The Sopranos
78.2%
TV Show % Correct
How I Met Your Mother
78.1%
Seinfeld
77.7%
Malcolm in the Middle
74.2%
Mad Men
72.8%
Frasier
69%
The Andy Griffith Show
68.6%
All in the Family
68%
The Brady Bunch
67.1%
The Walking Dead
64.8%
Family Matters
64.4%
Happy Days
63.8%
Arrested Development
63%

You're not logged in!

Compare scores with friends on all Sporcle quizzes.
OR
Log In

Show Comments

Extras

Top Quizzes Today


Score Distribution

Your Account Isn't Verified!

In order to create a playlist on Sporcle, you need to verify the email address you used during registration. Go to your Sporcle Settings to finish the process.

Report this User

Report this user for behavior that violates our Community Guidelines.

Details: